Estadísticas para Países con los Impuestos más Altos

Haz click aquí para tomar la prueba!

Estadísticas generales

  • Esta prueba ha sido tomada 883 veces
  • La puntuación promedio es 13 de 21

Estadísticas de respuestas

% País % Correcto
37.3España
93%
44.6Francia
92%
45.8Suecia
91%
40.6Alemania
90%
43.6Noruega
90%
43.5Italia
88%
43.6Finlandia
87%
39.0Reino Unido
84%
39.8Países Bajos
81%
49.0Dinamarca
81%
45.4Bélgica
79%
43.4Austria
75%
40.4Islandia
67%
39.1Hungría
52%
37.2Argentina
52%
39.3Eslovenia
45%
44.8Cuba
28%
39.2Chipre
24%
41.2Bosnia y Herzegovina
23%
42.9Lesoto
4%
39.8Suazilandia
4%

Distribución de puntuación

Porcentaje por número respondido

Porcentaje de gente con cada puntuación

Historial de tus puntuaciones

No has tomado esta prueba